pesticide utilization on dry season rice in svay chrum district,svay rieng province ,ការប្រើប្រាស់ថ្នាំកសិកម្មទៅលើដំណាំស្រូវប្រាំងស្រុកស្វាយជ្រំ ខេត្តស្វាយរៀង (Record no. 12164)

000 -LEADER
fixed length control field 00639nam a22001337a 4500
040 ## - CATALOGING SOURCE
Transcribing agency RUA
082 ## - DEWEY DECIMAL CLASSIFICATION NUMBER
Classification number AGR CHH 2015 B549 Or.1
100 ## - MAIN ENTRY--AUTHOR NAME
Personal name CHHIN CHHYRITHIPOUL, ឈិន ឈីឬទ្ធិពល
245 ## - TITLE STATEMENT
Title pesticide utilization on dry season rice in svay chrum district,svay rieng province ,ការប្រើប្រាស់ថ្នាំកសិកម្មទៅលើដំណាំស្រូវប្រាំងស្រុកស្វាយជ្រំ ខេត្តស្វាយរៀង
260 ## - PUBLICATION, DISTRIBUTION, ETC. (IMPRINT)
Place of publication phnom penh
Name of publisher RUA
Year of publication 2015
300 ## - PHYSICAL DESCRIPTION
Number of Pages x;43p;
Other physical details ill;
Dimensions 29cm;
856 ## - ELECTRONIC LOCATION AND ACCESS
Uniform Resource Identifier CHHIN CHHYRITHIPOUL
942 ## - ADDED ENTRY ELEMENTS (KOHA)
Koha item type AGR
952 ## - LOCATION AND ITEM INFORMATION (KOHA)
Withdrawn status [LOCAL, KOHA] 0
952 ## - LOCATION AND ITEM INFORMATION (KOHA)
Withdrawn status [LOCAL, KOHA] 0
952 ## - LOCATION AND ITEM INFORMATION (KOHA)
Withdrawn status [LOCAL, KOHA] 0
952 ## - LOCATION AND ITEM INFORMATION (KOHA)
Withdrawn status [LOCAL, KOHA] 0
952 ## - LOCATION AND ITEM INFORMATION (KOHA)
Withdrawn status [LOCAL, KOHA] 0
952 ## - LOCATION AND ITEM INFORMATION (KOHA)
Withdrawn status [LOCAL, KOHA] 0
952 ## - LOCATION AND ITEM INFORMATION (KOHA)
Withdrawn status [LOCAL, KOHA] 0
952 ## - LOCATION AND ITEM INFORMATION (KOHA)
Withdrawn status [LOCAL, KOHA] 0
Holdings
Permanent Location Date acquired Koha item type Lost status Shelving location Barcode Current Location Full call number
Library Block B2017-08-10AGR B547A08086Library Block BAGR CHH 2015 B549 Or.1
Library Block B2017-08-10AGR B547A08618Library Block BAGR CHH 2015 B549 Or.
Library Block B2017-08-10AGR B547A08365Library Block BAGR CHH 2015 B549 Or.3
Library Block B2017-08-10AGR B547A07980Library Block BAGR CHH 2015 B549 Or.4
Library Block B2017-08-10AGR B547A09152Library Block BAGR CHH 2015 B549 Or.5
Library Block B2017-08-10AGR B547 Library Block BAGR CHH 2015 B549 Or.1
Library Block B2017-08-10AGR B547A08763Library Block BAGR CHH 2015 B549 Or.7
Library Block B2017-08-10AGR B547A07838Library Block BAGR CHH 2015 B549 Or.8
មជ្ឈមណ្ឌលឯការនៃសាកលវិទ្យាល័យភូមិន្ទកសិកម្មចំការដូង

Powered by Koha